000 01204cam a2200385 a 4500
001 13280904
003 OSt
005 20150525134946.0
008 030721s2005 maua 001 0 eng
010 _a 2003060020
020 _a9814119903
040 _aDLC
_cDLC
_dDLC
050 0 0 _aQA 154
_b.L693 2002
082 0 0 _aM 512
_bL61 2002
100 1 _aLial, Margaret L.
245 1 0 _aCollege algebra.
_cMargaret L. Lial, John Hornsby, David I. Schneider.
250 _a8th ed.
260 _aBoston :
_bAddison-Wesley,
_c2002.
300 _axiii, 644 pages :
_billustrations ;
_c27 cm.
500 _aIncludes index.
526 _c1210L to 1700L
562 _e8
650 0 _aAlgebra.
700 1 _aHornsby, E. John.
700 1 _aSchneider, David I.
906 _a7
_bcbc
_corignew
_d1
_eocip
_f20
_gy-gencatlg
942 _2lcc
_cBK
_kFOR
999 _c284353
_d284353